Can you name all of the towns and hamlets in Suffolk County, NY. (LONG ISLAND) - Statistics

General Stats
  • This quiz has been taken 317 times
    312 since last reset
  • The average score is 46 of 164
Answer Stats
Highway (West-East) Answer % Correct
Islip
68%
Huntington Village
67%
Montauk
66%
Montauk Point
66%
Riverhead
65%
Westhampton
65%
East Hampton
62%
Port Jefferson
62%
Smithtown
62%
Babylon
54%
Brentwood
52%
Patchogue
52%
East Islip
51%
Northport
49%
Ronkonkoma
49%
Southampton
49%
Stony Brook
49%
West Islip
48%
Bayshore
46%
Central Islip
46%
Commack
46%
| NY-114 (North-South) Greenport
46%
Greenport West
46%
Sayville
45%
NY-27A (South Shore) Amityville
44%
Deer Park
44%
Hampton Bays
44%
Orient
44%
Orient Point
44%
Lindenhurst
41%
Kings Park
40%
Mastic
39%
Southern State Pkwy (Central-South) Farmingdale
37%
Mattituck
37%
Brookhaven
36%
Shirley
36%
West Babylon
36%
Coram
35%
Dix Hills
35%
Wyandanch
35%
Centereach
34%
I-495 (Center Island) Melville
34%
North Babylon
34%
St. James
33%
Amagansett
32%
Bellport
32%
Center Moriches
32%
Medford
32%
Quogue
32%
East Northport
31%
Rocky Point
31%
Sag Harbor
31%
Wading River
31%
Yaphank
31%
Bridgehampton
30%
Greenlawn
30%
NY-25/Northern State (Central-North) Huntington Station
30%
Miller Place
30%
Shelter Island
30%
Southold
30%
Bayport
29%
Blue Point
28%
Bohemia
27%
Calverton
27%
East Moriches
27%
Holbrook
27%
Islandia
27%
Manorville
27%
Port Jefferson Station
27%
St. James
27%
Lake Grove
26%
Moriches
26%
Oak Beach
26%
Oak Island
26%
NY-25A (North Shore) Cold Spring Harbor
25%
Cutchogue
25%
Farmingville
25%
Selden
25%
Shoreham
25%
Eastport
24%
East Setauket
24%
Middle Island
24%
Oakdale
24%
Ridge
23%
Centerport
22%
Lake Ronkonkoma
22%
Nesconset
22%
Westhampton Beach
21%
East Quogue
20%
Happauge
20%
Laurel
20%
Copaigue
19%
Flanders
19%
Jamesport
19%
Mount Sinai
19%
Holtsville
18%
Lloyd Harbor
18%
Upton (Brookhaven Lab)
18%
Aquebogue
17%
Brightwaters
17%
Islip Terrace
17%
Peconic
17%
Watermill
17%
Great River
16%
Nissequogue
16%
Sagaponack
16%
East Patchogue
15%
Head of the Harbor
15%
Shinnecock
15%
West Sayville
15%
Ocean Beach
14%
Old Field
14%
Sound Beach
14%
Asharoken
13%
Baiting Hollow
13%
Belle Terre
13%
East Marion
13%
Fort Salonga
13%
Orient Point
13%
New Suffolk
12%
South Setauket
12%
Shelter Island Heights
11%
Huntington Bay
10%
Poquott
10%
Wainscott
10%
Wheatley Heights
10%
Kismet
9%
North Haven
9%
Northville
9%
Cherry Grove
8%
Dering Harbor
8%
West Hampton Dunes
8%
Robert Moses
7%
Fire Island & Friends Gilgo Beach
6%
South Manorville
6%
The Village of the Branch
6%
Captree Island
5%
Davis Park
5%
Smithpoint
5%
Atlantique
4%
Cedar Beach
4%
Ocean Bay Park
4%
Sailor's Haven
4%
East Yaphank
3%
Poospatuck (Indian Reservation)
3%
Seaview
3%
Dunewood
2%
Fair Harbor
2%
Saltiare
2%
No matching quizzes found
Score Distribution
Percent of People with Each Score
Percentile by Number Answered
Your Score History
You have not taken this quiz since the last reset